Регионална библиотека "Любен Каравелов" - Русе

Младите лъвове (Запис номер 389501)

MARC детайли
000 -Лидер
Контролно поле с фиксирана дължина 01230nam a2200313 c 4500
003 - Код на организацията, давaща контролен номер
Контролно поле BLK
005 - Дата и час на последна редакция
Контролно поле 20240831130555.0
008 - Елементи от данни с фиксирана дължина
fixed length control field 180410b bul|||||r ||||||| ||bul||
010 ## - Наследен системен номер
LC control number KNG00170312000
020 ## - Международен стандартен номер на книга ISBN
Международен стандартен номер на книга ISBN 9789542824077
040 ## - Източник на каталожния запис
Идентификатор на билиотеката - собственик на записа BLK
041 ## - Код за език
Код за езика на текст/звукозапис или на отделно заглавие Български
Код за езика КДБФ Български
080 ## - УДК
Текстов определител УДК Американска литература (на САЩ)
УДК код - определител по УДК 821.111(73)
УДК определител -31
УДК - код + определител 821.111(73)-31
100 1# - Редна дума - Автор
Автор Шоу, Ъруин
Авторска отговорност първи автор
R(LIN) 242605
139 ## - Редно поле
Редна дума Шоу, Ъруин
Авторски знак Шоу - Ш 88
245 10 - Сведения за заглавието
Заглавие Младите лъвове
Подзаглавни данни Роман
Редно поле (дума) Ъруин Шоу; прев. от англ. Бистра Винарова; прев. от англ. Юрий Генов.
257 ## - Страна на издаване
Страна на създаване/издаване Съединени американски щати
260 ## - Област на издателските данни
Място на издаване, разпространение и проч. София
Име на издателя, разпространителя и проч. Сиела Норма
Година на издаване 2017
9 (RLIN) 217021
Издателство - префикс ISBN 978-954-28-
300 ## - Физическа характеристика
Страници 736с.
Размери/Мащаб 21 см
380 ## - Жанр
Жанр Худож. лит.
500 ## - Общи забележки
Забележка 1. изд. 1983 на ОФ. - Ориг. загл.: The young lions / Irwin Shaw
700 1# - Други автори (авторска отговорност)
Лично име Винарова, Бистра Младенова
9 (RLIN) 319829
700 1# - Други автори (авторска отговорност)
Лично име Генов, Юрий
Автороска отговорност (Описва отношението между автора и произведението) прев. от англ.
9 (RLIN) 330852
856 4# - Електронен адрес и достъп
Електронен формат pdf - файл
Инструкция (цена за достъп) 0.00
Права за достъп disable
856 4# - Електронен адрес и достъп
Електронен формат pdf - файл
Инструкция (цена за достъп) 0.00
Права за достъп disable
999 ## - СИСТЕМНИ КОНТРОЛНИ НОМЕРА
Koha biblionumber 389501
Koha biblioitemnumber 389501
942 ## - АРТИКУЛИ
Вид на библиотечния материал Книги
Скрит в OPAC Не
Периодичен библиозапис Да
Koha issues (borrowed), all copies 2
944 ## - СЪЗДАВАНЕ И РЕДАКЦИЯ на ЗАПИСА
Създаване/Редакция Създаване
Дата на регистрацията/редакция 2020-09-30
Служител, извършил регистрацията/редакцията 30550
Статус, дата на статуса Кети Илиева
999 ## - СИСТЕМНИ КОНТРОЛНИ НОМЕРА
Koha biblioitemnumber 389501
Наличности
Код за отписване Код за изгубен артикул Източник на класификационната схема Код за повреда Коз за рестрикции Код за отдаване Артикулен № Име на библиотеката - собственик Име на библиотеката, в която се намира в момента Статус (Текущо местоположение) Дата на вписване в системата Местоположение - отдел Цена в лева Систематично азбучна сигнатура Баркод Цена в евро Служебен тип на артикула
  Не е изгубен Universal Decimal Classification Не е повреден без рестрикции заемане за дома 802173 Регионална библиотека "Любен Каравелов" Русе Регионална библиотека "Любен Каравелов" Русе Заемна - подръчен фонд 2020-10-01 Заемна - подръчен фонд 11.94 821-31/Ш 88 Ъ 120000848220 6.10 Книги
Vip Innovations Ltd, Rousse, Bulgaria 2025